| 000 | 00660 a2200205 4500 | ||
|---|---|---|---|
| 001 | 62716 | ||
| 005 | 20260407155920.0 | ||
| 008 | 260407a1984 arg spa d | ||
| 003 | AR-UNSa-BCEJYS | ||
| 040 |
_aAR-UNSa-BCEJYS _bspa _cAR-UNSa-BCEJYS |
||
| 080 |
_a352(460) _xAdministración Municipal y Local de España |
||
| 245 | 1 | 0 |
_aResoluciones y acuerdos municipales _pContrataciones, bienes y servicios |
| 020 | _a978-84-7088-365-1 | ||
| 264 | 1 |
_aMadrid : _bInstituto de Estudios de Administración Local _c1984 |
|
| 300 |
_a349 p. _c21 cm. |
||
| 041 | _aspa | ||
| 942 | _cBK | ||
| 590 | _aniveau_biblio:m niveau_hierar:0 | ||
| 100 | 1 | _aBarril Dosset, Rafael | |
| 999 |
_c7759 _d7759 |
||